000 00345nam a2200133Ia 4500
008 151001s9999||||xx |||||||||||||| ||und||
100 _aएडगर बरो राईस
245 _aटार्जन का बेटा
250 _a1
260 _bकिरण प्रकाशन
260 _c1982
300 _a32
365 _b24
999 _c961998
_d961995